Studies on the Synthesis of Some Functionalized Azaheterocycles through Oxidative Ring Opening/Ring Closing by Reductive Amination

Selected functionalized saturated azaheterocycles have been prepared by ring expansion from their unsaturated counterpart or using substituted cycloalkenes involving oxidative ring opening/ring closing by reductive amination. Studies have been conducted regarding the outcome of the transformations,...

Teljes leírás

Elmentve itt :
Bibliográfiai részletek
Szerzők: Nonn Melinda
Berkecz Róbert
Fustero Santos
Lackfi Ágnes
Hornyánszky Gábor
Kiss Loránd
Dokumentumtípus: Cikk
Megjelent: 2025
Sorozat:ASIAN JOURNAL OF ORGANIC CHEMISTRY 14 No. 4
Tárgyszavak:
doi:10.1002/ajoc.202400818

mtmt:35746369
Online Access:http://publicatio.bibl.u-szeged.hu/36565
LEADER 01555nab a2200277 i 4500
001 publ36565
005 20250428081120.0
008 250428s2025 hu o 000 eng d
022 |a 2193-5807 
024 7 |a 10.1002/ajoc.202400818  |2 doi 
024 7 |a 35746369  |2 mtmt 
040 |a SZTE Publicatio Repozitórium  |b hun 
041 |a eng 
100 1 |a Nonn Melinda 
245 1 0 |a Studies on the Synthesis of Some Functionalized Azaheterocycles through Oxidative Ring Opening/Ring Closing by Reductive Amination  |h [elektronikus dokumentum] /  |c  Nonn Melinda 
260 |c 2025 
300 |a 6 
490 0 |a ASIAN JOURNAL OF ORGANIC CHEMISTRY  |v 14 No. 4 
520 3 |a Selected functionalized saturated azaheterocycles have been prepared by ring expansion from their unsaturated counterpart or using substituted cycloalkenes involving oxidative ring opening/ring closing by reductive amination. Studies have been conducted regarding the outcome of the transformations, the effect of the ring strain, and stereocontrol. The synthesized amino acid derivatives possessing either an aryl or fluorine element in their structure might be relevant building blocks for foldamer chemistry. 
650 4 |a Kémiai tudományok 
700 0 1 |a Berkecz Róbert  |e aut 
700 0 1 |a Fustero Santos  |e aut 
700 0 1 |a Lackfi Ágnes  |e aut 
700 0 1 |a Hornyánszky Gábor  |e aut 
700 0 1 |a Kiss Loránd  |e aut 
856 4 0 |u http://publicatio.bibl.u-szeged.hu/36565/1/AsianJOrgChem-2025-Nonn-StudiesontheSynthesisofSomeFunctionalizedAzaheterocyclesthroughOxidativeRing.pdf  |z Dokumentum-elérés